000 00599nam a22002297a 4500
003 UA-OsUOA
001 136137
007 ta
008 20190311b un ||||| |||| 00| 0 ukr d
100 _aГлушман І.
700 _aНайдьонов Д.
090 _a908
_bГ55
942 _cSA
040 _aUA-OsUOA
_bukr
_cUA-OsUOA
_dUA-OsUOA
245 _aОстрозька академія вдесяте встановила рекорд України
300 _aС.1
955 _a0
041 _aukr
080 _a908
773 0 _w136136
650 7 _a908 Краєзнавство
_2UDC
999 _c417017
_d417017